000 00292nam a22001217a 4500
020 _a9788170358657
082 _a658.4
_bVIR/MI
100 _aVirdi M.S.
_91058
245 _aMicro- Enterprises in Agriculture
260 _aNew Delhi
_bDaya Publishing House
_c2014
300 _a244
942 _cBK
999 _c14606
_d14606